000 00365nam a2200133Ia 4500
005 20260328101448.0
008 260328s9999||||xx |||||||||||||| ||und||
100 _aGuiton, Jacques
245 4 _aThe Ideas of Le Corbusier :
_b On Architecture and Urban Planning /
_cJacques Guiton
260 _bGeorge Brazilier
300 _a127 p.
650 _aTEORÍA
942 _cBK
999 _c8530
_d8530